| 000 | 00682nam a2200229 a 4500 | ||
|---|---|---|---|
| 005 | 20180803164948.0 | ||
| 008 | 140304b1967 ck a gr|||| 00| 0 spa d | ||
| 040 |
_aCO-BoIAVH _cCO-BoIAVH |
||
| 041 | _aspa | ||
| 044 | _ack | ||
| 082 | 4 |
_a372.357 _bE77a |
|
| 100 | 1 |
_aEspinal T., Luis Sigifredo _913133 |
|
| 245 | 1 | _aApuntes sobre ecología colombiana | |
| 260 |
_aCali _bUniversidad del Valle. Departamento de Biología _c1967 |
||
| 300 |
_a32 paginas.; _bilustraciones.; _c24 x 17 cm |
||
| 650 | 6 |
_aEcología _992250 |
|
| 650 | 4 |
_aMedio ambiente _992195 |
|
| 650 | 4 |
_aEcosistemas terrestres _953951 |
|
| 650 | 4 |
_aZonas de vida _92016 |
|
| 662 | _aColombia | ||
| 942 |
_cLIBRO _2ddc |
||
| 999 |
_c2064 _d2064 |
||